000 00336nam a2200145Ia 4500
008 241014s9999||||xx |||||||||||||| ||und||
020 _a978-0632-02446-9
100 _aElliott , Tom
245 0 _aMedical Microbiology
250 _a3rd
260 _bBlackwell Science
300 _a343
650 _aMicrobiology
942 _bSPH
_cBK
999 _c19238
_d19238